Olympic Road Race Champions (since 1896) - Statistics

General Stats
  • This quiz has been taken 11 times
  • The average score is 6 of 22
Answer Stats
Edition Answer Nationality % Correct
2024 Paris Remco Evenepoel Belgium
100%
2020 Tokyo Richard Carapaz Ecuador
100%
2012 London Alexander Vinokourov Kazakhstan
90%
2016 Rio de Janeiro Greg Van Avermaet Belgium
80%
2000 Sydney Jan Ullrich Germany
60%
2008 Beijing Samuel Sánchez Spain
60%
2004 Athens Paolo Bettini Italy
50%
1996 Atlanta Pascal Richard Switzerland
40%
1992 Barcelona Fabio Casartelli Italy
20%
1984 Los Angeles Alexi Grewal United States
10%
1972 Munich Hennie Kuiper The Netherlands
10%
1988 Seoul Olaf Ludwig East Germany
10%
1952 Helsinki André Noyelle Belgium
0%
1896 Athens Aristidis Konstantinidis Greece
0%
1976 Montreal Bernt Johansson Sweden
0%
1956 Melbourne Ercole Baldini Italy
0%
1948 London José Beyaert France
0%
1964 Tokyo Mario Zanin Italy
0%
1968 Mexico City Pierfranco Vianelli Italy
0%
1936 Berlin Robert Charpentier France
0%
1980 Moscow Sergei Sukhoruchenkov Soviet Union
0%
1960 Rome Viktor Kapitonov Soviet Union
0%
No matching quizzes found
Score Distribution
Percent of People with Each Score
Percentile by Number Answered
Your Score History
You have not taken this quiz